| 000 | 00765cac a22002171u 4500 | ||
|---|---|---|---|
| 090 | _c9048 | ||
| 008 | 081111t1992 xxu||||| |||| 00| 0 eng d | ||
| 010 | _a91009497 | ||
| 020 | _a0415056616 (hard) | ||
| 082 | 0 | 0 |
_a170.19 _bOAK |
| 100 | _aOakley, Justin, | ||
| 245 | 1 | 0 |
_aMorality and the emotions / _cJustin Oakley. |
| 260 |
_aLondon ; _aNew York : _bRoutledge, _cC.1992. |
||
| 300 |
_ax, 253 p. ; _c22 cm. |
||
| 500 | _aDistributer: Al-Ahram. | ||
| 504 | _aIncludes bibliographical references (p. [227]-244) and index. | ||
| 511 | _aCatalogued By: Mahitab. | ||
| 650 | 0 | _aEmotivism. | |
| 942 |
_cBB _k170.19OAK _2ddc |
||
| 999 |
_c9048 _d9048 |
||